Logo CIB grande

GERENCIA DE HOSPITALES E INSTITUCIONES DE SALUD (Registro nro. 237390)

Detalles MARC
000 -LEADER
campo de control de longitud fija 00616nam a2200229Ia 4500
005 - FECHA Y HORA DE LA ÚLTIMA TRANSACCIÓN
campo de control 20250425162832.0
008 - DATOS DE LONGITUD FIJA--INFORMACIÓN GENERAL
campo de control de longitud fija 250425s9999 xx 000 0 und d
020 ## - NÚMERO INTERNACIONAL ESTÁNDAR DEL LIBRO
Número Internacional Estándar del Libro 9789587710137
041 ## - CÓDIGO DE IDIOMA
Código de lengua del texto/banda sonora o título independiente spa
044 ## - CÓDIGO DEL PAÍS DE LA ENTIDAD EDITORA/PRODUCTORA
Código MARC del país ck
010 ## - NÚMERO DE CONTROL DE LA BIBLIOTECA DEL CONGRESO
Número de control de LC 111207
100 ## - ENTRADA PRINCIPAL--NOMBRE DE PERSONA
Nombre de persona ALVAREZ HEREDIA, FRANCISCO
245 #0 - MENCIÓN DEL TÍTULO
Título GERENCIA DE HOSPITALES E INSTITUCIONES DE SALUD
250 ## - MENCION DE EDICION
Mención de edición S.E.
264 ## - PRODUCCIÓN, PUBLICACIÓN, DISTRIBUCIÓN, FABRICACIÓN Y COPYRIGHT
Producción, publicación, distribución, fabricación y copyright Colombia, BOGOTA
Nombre del de productor, editor, distribuidor, fabricante ECOE EDICIONES
Fecha de producción, publicación, distribución, fabricación o copyright 2013.
300 ## - DESCRIPCIÓN FÍSICA
Extensión 332
650 ## - PUNTO DE ACCESO ADICIONAL DE MATERIA--TÉRMINO DE MATERIA
Término de materia o nombre geográfico como elemento de entrada ADMINISTRACION DE SERVICIOS DE SALUD
650 ## - PUNTO DE ACCESO ADICIONAL DE MATERIA--TÉRMINO DE MATERIA
Término de materia o nombre geográfico como elemento de entrada GERENCIA HOSPITALARIA
650 ## - PUNTO DE ACCESO ADICIONAL DE MATERIA--TÉRMINO DE MATERIA
Término de materia o nombre geográfico como elemento de entrada MANTENIMIENTO
700 ## - ENTRADA AGREGADA--NOMBRE PERSONAL
Nombre de persona FAIZAL GEAGEA, ENRIQUETA
942 ## - ELEMENTOS DE ENTRADA SECUNDARIOS (KOHA)
Tipo de ítem Koha Libros
Existencias
Estatus retirado Estado de pérdida Estado de daño No para préstamo Biblioteca de origen Biblioteca actual Fecha de adquisición Coste, precio normal de compra Total de préstamos Código de barras Copia número Nota pública
        ESCUELA DE NEGOCIOS ESCUELA DE NEGOCIOS 18/02/2020 55.00   CP-17680 1 COMPRA

Copyright 2025 ESPOL. Todos los derechos reservados.